000 01027nam a2200313 a 4500
003 CHAP
005 20220329143641.0
008 101117s2009 mx 00010 spa d
010 _a99850
011 _a100822
020 _a9786074270198
035 _a111508
040 _cCHAP
090 _aCD - 267
110 0 _aMéxico. Secretaría de Gobernación
_977180
245 1 3 _aCompilación de derecho municipal mexicano [Disco compacto]
_c/por México. Secretaría de Gobernación
260 _aMéxico, D.F. :
_bSEGOB,
_c2009
300 _a1 disco compacto ;
_c4 3/4 plgs.
590 _aBATCH-UPD
_b10
_c20130110
_lUCH01
_h1006
590 _aBATCH-UPD
_b10
_c20130410
_lUCH01
_h0616
590 _aBATCH-UPD
_b10
_c20130914
_lUCH01
_h1143
590 _aCONVERSION
_b10
_c20130109
_lUCH01
_h1355
650 0 4 _aDerecho municipal
_xLegislación.
_931899
650 0 4 _aGobierno municipal.
_948413
650 0 4 _aMéxico
_xMunicipios.
_976781
901 _aBK
942 _cCD
949 _aCD-267
_bBC
_cCD
_d33724002221652
_eCD
_i111508
_sb
999 _c99850
_d99850